تحميل...
Essential stem cell methods
| المؤلف الرئيسي: | |
|---|---|
| التنسيق: | Printed Book |
| منشور في: |
Elsevier Academic Press, U K
2009
|
| الموضوعات: |
| LEADER | 00514nam a2200193 4500 | ||
|---|---|---|---|
| 020 | |||
| 082 | |a 571.835 LAN-E | ||
| 100 | |a Lanza,Robert ; Klimanskaya, Irina | ||
| 245 | |a Essential stem cell methods | ||
| 250 | |||
| 260 | |a Elsevier Academic Press, U K |c 2009 | ||
| 300 | |||
| 490 | |||
| 500 | |||
| 590 | |||
| 650 | |a stem cells--cell differtiation | ||
| 942 | |c BK | ||
| 999 | |c 92130 |d 92130 | ||
| 952 | |0 0 |1 0 |4 0 |6 571_835000000000000_LANE |7 0 |9 105598 |a ZGY |b ZGY |l 0 |o 571.835 LAN-E |p ZGY04665 |r 2019-09-25 |w 2019-09-25 |y BK | ||